Normale Ansicht MARC-Ansicht ISBD

Festival in Frankfurter Parks (Titelsatznr. 373216)

[ MARC ]
MARC-Details
000 -Satzkennung
Kontrollfeld mit fester Länge 00633nab a2200181 4500
001 - Kontrollnummer
Kontrollfeld 244442
003 - Kontrollnummer Identifier
Kontrollfeld OSt
005 - Datum und Zeit der letzten Transaktion
Kontrollfeld 20240625122626.0
007 - Feld mit fester Länge zur physischen Beschreibung - Allgemeine Information
Kontrollfeld mit fester Länge tu
008 - Feld mit fester Länge zur physischen Beschreibung - Allgemeine Angaben
Kontrollfeld mit fester Länge 200917s2020|||||||
040 ## - Katalogisierungsquelle
Original-Katalogisierungsstelle DE-2950
Übertragungsstelle DE-2950
245 00 - Titel
Titel Festival in Frankfurter Parks
Zusatz zum Titel Konzerte. Umsonst und draußen: das Sommerklänge-Festival bietet auch 2024 wieder etwas für jeden Musikgeschmack. Alle Termine und Infos im Überblick/
Verfasserangabe etc. Philipp Stepputtis
264 ## - Produktion, Veröffentlichung, Distribution, Herstellung und Urheberrechtsvermerk
Datum der Herstellung, der Veröffentlichung, des Vertriebs oder des Urheberschutzvermerks 2024
653 ## - Indexierungsterm - Nicht normiert
Nicht-normierter Term Frankfurt (Oder)
653 ## - Indexierungsterm - Nicht normiert
Nicht-normierter Term Sommerkonzerte
773 0# - Übergeordnete Einheit
Verknüpfungsangaben 35. Jahrgang (2024) Nr. 144 vom 22.06.2024, S. 17, mit Foto
Titel Märkische Oderzeitung
942 ## - Zusätzliche Felder (Koha)
Klassifikation oder Aufstellungssystematik Andere/Generische Klassifikation
Koha-Medientyp Aufsätze
Exemplare
Ausgeschieden Verloren Klassifikation oder Aufstellungssystematik Beschädigt Nicht entleihbar Heimatbibliothek Aufenthaltsbibliothek Aufstellungsort Erwerbungsdatum Anzahl Ausleihen Signatur Letzte Aktivität Preis gültig von Koha-Medientyp
    Andere/Generische Klassifikation     Stadtarchiv Frankfurt (Oder) | Archivbibliothek Stadtarchiv Frankfurt (Oder) | Archivbibliothek Magazin 25/06/2024   Z2 25/06/2024 25/06/2024 Aufsätze